000 00674cam a2200241 4500
001 M2092
008 090401t1996 xxu||||| |||| 00| 0 eng d
035 _a(Sirsi) u36414
041 _aeng
050 _a690.072
100 _aLansley, Peter
245 _aInnovation : the role of research, education and practice.
260 _aAscot, Berkshire
_bChartered Institute of Building
_c1996
300 _a8p. ; 30cm.
350 _a0
490 _aConstruction Papers
_v59
650 _aCONSTRUCTION INDUSTRY
690 _aBUILT ENVIRONMENT
700 _aHarlow, Peter
_xEditor
710 _aChartered Institute of Building
_92134
942 _n0
948 _c04/03/1997
999 _c90273
_d90273